000 01007nam a2200181Ia 4500
008 151202s9999||||xx |||||||||||||| ||und||
082 _bPNVM-82290
100 _aदेशपांडे रमाकांत.
245 _aकळा ज्या लागल्या जीवा-स्त्री भृणहत्येविषयी हृदयद्रावककहाणी.
260 _b"मनोरमा प्रकाशन ,दादर."
260 _c2013
300 _a556
600 _aदेशपांडे रमाकांत.
630 _aकळा ज्या लागल्या जीवा-स्त्री भृणहत्येविषयी हृदयद्रावककहाणी.
700 _aदेशपांडे रमाकांत.
730 _aकळा ज्या लागल्या जीवा-स्त्री भृणहत्येविषयी हृदयद्रावककहाणी.
942 _cBOOK
999 _c1346898
_d1346895